| 000 | 00977cam a22001814a 4500 | ||
|---|---|---|---|
| 005 | 20250605164033.0 | ||
| 008 | 250528s ||||||||||||||||||||||||d | ||
| 035 | _a16721 | ||
| 040 |
_aGR-AtMCL _bgre _dGR-AtMCL _eAACR2 |
||
| 245 | 1 | _aSpanish Made Simple | |
| 260 |
_bDoubleday And Company, Inc, _c1955 |
||
| 300 | _a192 | ||
| 520 | _aThis book can serve as a textbook in Spanish classes in secondary schools or college. Meet the Spanish Language, Spanish Pronunciation, In the Living Room, The Family, In the Office, A Friend Visits the Office, In the Dining Room, The Monetary System of Mexico, The Movies, Streets and Dates, The Climate of Mexico, Mexican Food, The People of Mexico, The Folk Arts, Fiesta Days, A Visit to the Carrillo Family, Avenue of the Reform, The Toluca Market, About Resting, The Square, A Trip to Teotihuacan, He is Not a Bullfight Man, Answer Section. | ||
| 700 | 1 |
_aJackson Eugene _92811 |
|
| 942 | _cBK | ||
| 999 |
_c2194 _d2194 |
||